| 000 | 00857nam a2200265Ia 4500 | ||
|---|---|---|---|
| 999 |
_c49680 _d49680 |
||
| 001 | 16613 | ||
| 003 | GE_BSU | ||
| 005 | 20200131145343.0 | ||
| 008 | 181216s||||||||xx |||||||||||||| ||und|| | ||
| 020 | _aISBN 9780878226375 (pbk.) | ||
| 040 | _cGE_BSU | ||
| 080 | _a159.9 | ||
| 100 |
_aGlick, Barry. John C. Gibbs. _96640 |
||
| 245 |
_aAggression replacement training _ba comprehensive intervention for aggressive youth / _c Barry Glick ; John C. Gibbs. |
||
| 250 | _a3rd ed., rev. and expanded. | ||
| 264 |
_aChampaign : _bResearch Press, _c2011. |
||
| 300 | _axii, 410 p; ill;28 cm. | ||
| 300 | _b+ 1 CD-ROM (4 3/4 in.) | ||
| 541 | _h120gel. | ||
| 653 | _aAggression replacement training | ||
| 653 | _aფსიქოლოგია | ||
| 653 | _aქცევის თერაპია. | ||
| 700 |
_aGibbs, John C _96641 |
||
| 942 |
_cBK _2udc |
||